00700nam a22002291i 450000100060000001000180000609000100002410000410003410100080007520000330008321000300011621500240014622500150017030000840018560600370026967500160030670000310032280100120035399000110036599400090037699500850038524172 a9789898327321 a24172 a20170304u u u0frey50 ba0 apor1 fCatarina SobralaO meu avô cOrfeu NegroaLisboad2014 a[42] p.cil.d20 cm2 aOrfeu mini aLer+ Plano Nacional de Leitura. - Prémio Internacional de Ilustração 2014 9187aHistórias para crianças a087.592104 1aSobralbCatarina40709305 aPTgRPC cLIVROS aCOMP 0010932992bBMVAdBMVAf0030569k087.5 SOB m2023-10-04o0rLIVROSu0-5 anos00